Building the Czechoslovak nation and sacralizing peoples’ health: the vicissitudes of disability discourse during the 1920s
| Titel: | Building the Czechoslovak nation and sacralizing peoples’ health: the vicissitudes of disability discourse during the 1920s / Victoria Shmidt, Karel Pančocha |
|---|---|
| Verfasser: | ; |
| In: |
Journal of contemporary Central and Eastern Europe, Band 25, Heft 3 (2017), Seite 307-329 alle Artikel anzeigen |
| Veröffentlicht: | 2017 |
| Format: | Aufsatz |
| Sprache: | Englisch |
X
alg: 46906349 001A $03025:09-09-20 001B $01999:09-09-20 $t22:40:20.000 001D $03025:09-09-20 001U $0utf8 001X $00 002@ $0Oou 002C $aText $btxt $2rdacontent 002D $aComputermedien $bc $2rdamedia 002E $aOnline-Ressource $bcr $2rdacarrier 003@ $0469063491 004P $010.1080/25739638.2017.1400215 007A $0469063491 $aHEB 010@ $aeng 010E $erda 011@ $a2017 021A $aBuilding the Czechoslovak nation and sacralizing peoples’ health: the vicissitudes of disability discourse during the 1920s $hVictoria Shmidt, Karel Pančocha 028A $BVerfasser $#Shmidt, Victoria R. $#Schmidt, Victoria $#Shmidt, V. R. $#Šmidt, Viktorija Rudolʹfovna $#Šmidt, Viktorija R. $#Šmidt, Viktorija $#Šmidt, V. R. $4aut $7115471179X $8Shmidt, Victoria$Z1975- [Tp3] $9427606004 028C $BVerfasser $4aut $71120592984 $8Pančocha, Karel [Tp3] $9396263755 031A $d25 $e3 $h307-329 $j2017 039B $aEnthalten in $8--Obvc--. Journal of contemporary Central and Eastern Europe. - Abingdon, Ofordshire : Routlegde, Taylor & Francis Group, 2015-. - Online-Ressource. - ISSN 2573-9646 $x201700000250003693 $9426937147 044K $RProtektorat Böhmen und Mähren $RSlowakei $RSlowakei $RTschechien $#Tschechoslowakei $#Tschechoslowakei $#Tschechische und Slowakische Föderative Republik $#République Tchéco-Slovaque $#Tchécoslovaquie $#Československá Federativní Republika $#Česká a Slovenská Federativní Republika $#Czech and Slovak Federal Republic $#ČSFR $#ČSSR $#ČSR $#RČS $#Československo $#Československá Socialistická Republika $#Československá Republika $#Tschechoslowakische Sozialistische Republik $#Tschechoslowakische Republik $#Tschechoslowakische Föderative Republik $#Republika Československá $#Czechoslovakia $#Čechoslovakische Republik $#République Tchécho-Slovaque $#Tchéchoslovaquie $#Czechoslovak Socialist Republic $#Checoeslovaquia $#Cecoslovacchia $#Čechoslovakija $#République tchécoslovaque $74078435-6 $8Tschechoslowakei [Tg1] $9085222305 044K $RBewusstsein $RNationalismus $RNationenbildung $RPatriotismus $#Nationalism $#Nationalisme $#Nationalbewusstsein $#nationale Identität $#Nationale Identität Nationalbewusstsein $#Nationales Bewusstsein $#Nationalgefühl $#Historische Identität Nationalbewusstsein $74041282-9 $8Nationalbewusstsein [Ts1] $9085112976 044K $RFitness $RKrankheit $#Health $#Santé $#Salute $#Salud $#health $#Health $#Gesundheit $#Gesundheit $#Gesundheitsstatus $#Gesundheitszustand $74020754-7 $8Gesundheit [Ts1] $908505027X 044K $RZigeuner $RRomni $#Romanies $#Tsiganes $#Roma-Bevölkerung $#Rom Volk $74050473-6 $8Roma$gVolk [Ts1] $9085140678 044K $RAnomalie $RBehinderter Mensch $#Disabilities $#Handicap $#Minusvalías $#Behinderung $#Behinderungen $74112696-8 $8Behinderung [Ts1] $9085332186 044K $RGlaube $RAberglaube $RReligiöse Volkskunde $RVolksreligion $#Folk religion $#Religion populaire $#Croyances populaires $#Credenze popolari $#Volksglaube $#Volksglauben $74063834-0 $8Volksglaube [Ts1] $9085178969 045F $a610.943709042 $eDDC23BSB 045F/01 $a610.9 045F/03 $f09042 045F/03 $g437 045R $aGeschichte 1920-1930 lok: 46906349 78 exp: 46906349 78 1 #EPN 201B/01 $009-09-20 $t14:04:55.000 201C/01 $009-09-20 201U/01 $0utf8 203@/01 $01122692048 208@/01 $a09-09-20 $be 209A/01 $a/ $f000 $x00 209A/01 $ab*p $x01 220C/01 $apgar 244Z/01 $#Böhmische Kronländer $#Länder der Böhmischen Krone $#Sudetenland $#Böhmen $#Mähren $#Mährisch-Schlesien $#Österreichisch-Schlesien $#Tschechische Sozialistische Republik Böhmische Länder $#Tschechei Böhmische Länder $#Země koruny české $74069573-6 $8--Tg1--Böhmische Länder $x01 $9085195553 244Z/01 $#Slowakei $#Slowakei $#Slowakische Republik $#Oberungarn $#Slovensko $#Slovenská Republika $#Slovenská SR $#SSR $#Slovakia $#Slovaquie $#Slovak Republic $#République Slovaque $#Slovenská Socialistická Republika $#Slowakische Sozialistische Republik $#Slovak Socialist Republic $#République Socialiste Slovaque $74055297-4 $8--Tg1--Slowakei $x02 $9085153834 244Z/01 $#Tschechoslowakei $#Tschechoslowakei $#Tschechische und Slowakische Föderative Republik $#République Tchéco-Slovaque $#Tchécoslovaquie $#Československá Federativní Republika $#Česká a Slovenská Federativní Republika $#Czech and Slovak Federal Republic $#ČSFR $#ČSSR $#ČSR $#RČS $#Československo $#Československá Socialistická Republika $#Československá Republika $#Tschechoslowakische Sozialistische Republik $#Tschechoslowakische Republik $#Tschechoslowakische Föderative Republik $#Republika Československá $#Czechoslovakia $#Čechoslovakische Republik $#République Tchécho-Slovaque $#Tchéchoslovaquie $#Czechoslovak Socialist Republic $#Checoeslovaquia $#Cecoslovacchia $#Čechoslovakija $#République tchécoslovaque $74078435-6 $8--Tg1--Tschechoslowakei $x03 $9085222305 247C/01 $82080>Marburg/Lahn, Herder-Institut, Forschungsbibliothek, Bibliographieportal $9336309341
| LEADER | 00000caa a2200000 c 4500 | ||
|---|---|---|---|
| 001 | 469063491 | ||
| 003 | DE-603 | ||
| 005 | 20200909224020.0 | ||
| 007 | cr|||||||||||| | ||
| 008 | 200909s2017 xx |||| o| u00||u|eng c | ||
| 024 | 7 | |a 10.1080/25739638.2017.1400215 |2 doi | |
| 035 | |a (DE-599)HEB469063491 | ||
| 040 | |a DE-603 |b ger |c DE-603 |d DE-603 |e rda | ||
| 041 | |a eng | ||
| 082 | 0 | 4 | |8 1\u |a 610.943709042 |q DE-101 |2 23/BSB |
| 085 | |8 1\u |b 610.9 | ||
| 085 | |8 1\u |z 1 |s 09042 | ||
| 085 | |8 1\u |z 2 |s 437 | ||
| 100 | 1 | |a Shmidt, Victoria |d 1975- |e Verfasser |4 aut |0 (DE-603)427606004 |0 (DE-588)115471179X |2 gnd | |
| 245 | 0 | 0 | |a Building the Czechoslovak nation and sacralizing peoples’ health: the vicissitudes of disability discourse during the 1920s |c Victoria Shmidt, Karel Pančocha |
| 264 | 0 | |c 2017 | |
| 336 | |a Text |b txt |2 rdacontent | ||
| 337 | |a Computermedien |b c |2 rdamedia | ||
| 338 | |a Online-Ressource |b cr |2 rdacarrier | ||
| 648 | 7 | |a Geschichte 1920-1930 |2 gnd | |
| 650 | 7 | |a Nationalbewusstsein |0 (DE-588)4041282-9 |0 (DE-603)085112976 |2 gnd | |
| 650 | 7 | |a Gesundheit |0 (DE-588)4020754-7 |0 (DE-603)08505027X |2 gnd | |
| 650 | 7 | |a Roma |g Volk |0 (DE-588)4050473-6 |0 (DE-603)085140678 |2 gnd | |
| 650 | 7 | |a Behinderung |0 (DE-588)4112696-8 |0 (DE-603)085332186 |2 gnd | |
| 650 | 7 | |a Volksglaube |0 (DE-588)4063834-0 |0 (DE-603)085178969 |2 gnd | |
| 651 | 7 | |a Tschechoslowakei |0 (DE-588)4078435-6 |0 (DE-603)085222305 |2 gnd | |
| 700 | 1 | |a Pančocha, Karel |e Verfasser |4 aut |0 (DE-603)396263755 |0 (DE-588)1120592984 |2 gnd | |
| 773 | 0 | 8 | |i Enthalten in |t Journal of contemporary Central and Eastern Europe |d Abingdon, Ofordshire : Routlegde, Taylor & Francis Group, 2015- |h Online-Ressource |x 2573-9646 |g Band 25, Heft 3 (2017), Seite 307-329 |w (DE-603)426937147 |w (DE-600)2922261-8 |
| 924 | 1 | |9 2080 |a (DE-603)1122692048 |b DE-2080 |c HES |d d |g / | |


